Protective relaying: principles and applications

Saved in:
Bibliographic Details
Main Author: Blackburn, J. Lewis (Author)
Format: Book
Language:English
Published: Nueva York Marcel Dekker 1998
Edition:2a. ed
Series:Power Engineering, 5
Subjects:
Tags: Add Tag
No Tags, Be the first to tag this record!

MARC

LEADER 00000nam a2200000 a 4500
001 UCM0700
003 CL-VaPUC
008 020308e19980000US |||||||||||||||||eng|d
082 0 4 |a 621.317  |b BLA  |2 21 
100 0 |a Blackburn, J. Lewis  |e author  |9 467631 
245 1 0 |a Protective relaying: principles and applications 
250 |a 2a. ed 
300 |a 538 p 
942 |c BK 
945 |d 20020308 00:00:00  |a vberengu 
260 |a Nueva York  |b Marcel Dekker  |c 1998 
650 7 |a CONMUTADORES  |2 CL-VaPUC  |9 362816 
650 7 |a DISPOSITIVOS DE PROTECCION ELECTRICA  |2 CL-VaPUC  |9 467632 
650 7 |a RELES  |2 CL-VaPUC  |9 427994 
650 7 |a RELES PROTECTORES  |2 CL-VaPUC  |9 260246 
583 |a last modification  |c 20020308 00:00:00  |k Rodrigo Vera 
490 0 |a Power Engineering, 5 
999 |c 299538  |d 299536